|
|
|
|
| LEADER |
00837nam a22002652a 4500 |
| 001 |
000438559 |
| 003 |
CZ BrMZK |
| 005 |
20200114134920.0 |
| 007 |
ta |
| 008 |
010907s1900 xr f cze d |
| 015 |
|
|
|a cnb001038217
|
| 015 |
|
|
|a cnb001718106
|
| 035 |
|
|
|a (OCoLC)85550971
|
| 040 |
|
|
|a BOA001
|b cze
|c BOA001
|
| 100 |
1 |
|
|a Adámek, Karel,
|d 1840-1918
|7 jk01010079
|4 aut
|
| 245 |
1 |
0 |
|a Slovo o Židech /
|c Karel Adámek
|
| 250 |
|
|
|a 2. rozšíř. vyd.
|
| 260 |
|
|
|a Chrudim :
|b Karel Adámek,
|c 1900
|
| 300 |
|
|
|a 119, [2] s.
|
| 910 |
|
|
|a BOA001
|b 2-0073.536
|
| 964 |
|
|
|a Bohemika - stol. 19.
|
| 990 |
|
|
|a BK
|
| 993 |
|
|
|a Y
|
| 996 |
6 |
|
|b 2619502278
|c 2-0073.536
|l MZK
|r Sklad / do 24 hodin
|n 1
|w 000438559
|u 000020
|a 1
|e BOA001
|j MZK50
|s P
|
| 996 |
6 |
|
|b 2619791886
|c 2-0073.536
|l MZK
|r Sklad / do 24 hodin
|n 0
|w 000438559
|u 000010
|a 1
|e BOA001
|j MZK50
|s P
|